Инновации в развитии литейного производства; Прогрессивные технологии и экономика в машиностроении

Bibliografiske detaljer
Parent link:Прогрессивные технологии и экономика в машиностроении.— 2017.— [С. 51-53]
Hovedforfatter: Короткова Е. А.
Institution som forfatter: Национальный исследовательский Томский политехнический университет (ТПУ) Юргинский технологический институт (филиал) (ЮТИ) Кафедра металлургии и черных металлов (МЧМ)
Andre forfattere: Бабакова Е. В. Елена Владимировна (научный руководитель)
Summary:Заглавие с экрана
Sprog:russisk
Udgivet: 2017
Serier:Современные промышленные технологии
Fag:
Online adgang:http://earchive.tpu.ru/handle/11683/38452
Format: MixedMaterials Electronisk Book Chapter
KOHA link:https://koha.lib.tpu.ru/cgi-bin/koha/opac-detail.pl?biblionumber=622509

MARC

LEADER 00000naa2a2200000 4500
001 622509
005 20241015145301.0
035 |a (RuTPU)RU\TPU\conf\21278 
035 |a RU\TPU\conf\21277 
090 |a 622509 
100 |a 20170522d2017 k y0rusy50 ca 
101 0 |a rus 
102 |a RU 
105 |a y z 101zy 
135 |a drcn ---uucaa 
181 0 |a i  
182 0 |a b 
200 1 |a Инновации в развитии литейного производства  |f Е. А. Короткова  |g науч. рук. Е. В. Бабакова 
203 |a Текст  |c электронный 
225 1 |a Современные промышленные технологии 
230 |a 1 компьютерный файл (pdf; 130 Kb) 
300 |a Заглавие с экрана 
320 |a [Библиогр.: с. 53 (3 назв.)] 
463 0 |0 (RuTPU)RU\TPU\conf\21267  |t Прогрессивные технологии и экономика в машиностроении  |o сборник трудов VIII Всероссийской научно-практической конференции для студентов и учащейся молодежи, 6-8 апреля 2017 г., Юрга  |f Национальный исследовательский Томский политехнический университет (ТПУ), Юргинский технологический институт (ЮТИ) ; под ред. Д. А. Чинахова  |v [С. 51-53]  |d 2017 
610 1 |a труды учёных ТПУ 
610 1 |a электронный ресурс 
610 1 |a литейное производство 
610 1 |a литейная оснастка 
610 1 |a наноматериалы 
610 1 |a рафинирование 
610 1 |a плавильные печи 
700 1 |a Короткова  |b Е. А. 
702 1 |a Бабакова  |b Е. В.  |c специалист в области машиностроения  |c старший преподаватель Юргинского технологического института (филиала) Томского политехнического университета  |f 1989-  |g Елена Владимировна  |2 stltpush  |4 727  |9 15803 
712 0 2 |a Национальный исследовательский Томский политехнический университет (ТПУ)  |b Юргинский технологический институт (филиал) (ЮТИ)  |b Кафедра металлургии и черных металлов (МЧМ)  |h 7136  |2 stltpush  |3 (RuTPU)RU\TPU\col\18892 
801 2 |a RU  |b 63413507  |c 20170525  |g RCR 
856 4 |u http://earchive.tpu.ru/handle/11683/38452 
942 |c BK